000 00693nam a22002297a 4500
005 20170124110201.0
010 _aA-952706
020 _c95.00
035 _aA-952706
037 _bCen Lib/Ret
040 _aDPL
_bEN
082 _a004
_bCOP
100 _aCope, Jim
_9107470
245 _aY2K lesson learned from world class companies /
_cby Jim Cope
260 _aNew Delhi
_bPrentice Hall
_c1999
270 _aM-97, Connaught Circus
_bNew Delhi
_e110001
300 _axxii, 296p.
_c21cm(Hb)
500 _aIncludes index
650 _aYear 2000 date conversion
_936064
650 _aYear 2000 date conversion (Computer systems)
_936065
942 _2ddc
_cEN
_h004
_mCOP
999 _c132893
_d132893